Erfolgreichste PlayStation 4-Spiele nach Hauptschurken - Statistiken

Allgemein
  • Dieses Quiz wurde 44 mal gespielt
  • Das Durchschnittsergebnis liegt bei 8 aus 16
Antwortstatistiken
Bildquiz Antwort % Korrekt
Minecraft
97%
God of War
92%
Marvel's Spider-Man
87%
The Last of Us: Remastered
74%
Uncharted 4: A Thief's End
62%
Ghost of Tsushima
59%
God of War III Remastered
36%
The Last of Us Part II
36%
Detroit: Become Human
33%
Bloodborne
31%
The Witcher 3: Wild Hunt
31%
LittleBigPlanet 3
28%
Ratchet & Clank
28%
Horizon Zero Dawn
26%
Days Gone
21%
Infamous Second Son
18%
Keine übereinstimmenden Quizze gefunden
Verteilung der Resultate
Anzahl Personen mit jedem Resultat
Perzentil nach korrekt beantworteten Fragen
Ihre Resultats-Entwicklung
Sie haben dieses Quiz noch nicht gespielt